Shadow (Запис № 18030)

000 -Маркер запису
Контрольне поле сталої довжини 01710nam a22002297a 4500
003 - Належність контрольного номера
Контрольне поле Uzh_bibl
008 - Кодовані дані
Контрольне поле сталої довжини 260525b |||||||| |||| 00| 0 ukr d
020 ## - Індекс ISBN
ISBN 978-0-00-733961-7
Ціна 100.00
040 ## - Джерело каталогіз.
Код мови каталог. укр.
041 ## - Код мови видання
Код мови оригіналу англійська
Код мови тексту англійська
080 ## - Індекс УДК
Індекс УДК 821(410)
090 ## - Шифри
Поличний індекс 821(410)
Авторський знак М 83
100 ## - Автор
Автор Morpurgo, Michael
245 ## - Назва
Назва Shadow
Фізичний носій Text
Відповідальність il. Christine Birmingham
260 ## - Вихідні дані
Місце видання London
Видавництво Clays Ltd
Дата видання 2010
300 ## - Фізичний опис
Обсяг 288 s.
Ілл./тип відтвор. il.
520 ## - Анотація
Анотація Author of War Horse, and bestselling storyteller Michael Morpurgo touched our hearts with this beautiful story of a boy, his lost dog, and the lengths he would go to be reunited. This timely story of battle-scarred Afghanistan delivers a masterful portrait of war, love, and friendship.<br/><br/>With the horrors of war bearing down on them, Aman and his mother are barely surviving in an Afghan cave, and staying there any longer will end horribly. The only comfort Aman has is Shadow, the loyal spaniel that shows up from places unknown, it seems, just when Aman needs him most.<br/><br/>Aman, his mother, and Shadow finally leave the destroyed cave in hopes of escaping to England, but are held at a checkpoint, and Shadow runs away after being shot at by the police. Aman and his mother escape--without Shadow. Aman is heart-broken.<br/><br/>Just as they are getting settled as free citizens in England, they are imprisoned in a camp with locked doors and a barbed wire fence. Their only hope is Aman's classmate Matt, his grandpa, and the dream of finding his lost dog. After all, you never lose your shadow.
521 ## - Примітка про цільове призначення
Примітка про цільове призначення Для підлітків
546 ## - Примітка про мову
Примітка про мову укр.
650 ## - Тематичні рубрики
Основна рубрика Літературно-художне видання
942 ## - ADDED ENTRY ELEMENTS (KOHA)
Джерело класифікації чи схема поличного розташування
Koha item type Книги
Фонди
Статус вилучення Статус втрати/відсутності Джерело класифікації чи схема поличного розташування Статус пошкодження Тип обігу (не для випозичання) Постійне розташування Поточне розташування Дата надходження Джерело надходження (постачальник) Інвентарний номер Total Checkouts Повний (примірниковий) шифр зберігання Штрих-код Date last seen Дата, для якої чинна ціна заміни Тип одиниці (рівень примірника)
          Бібліотека-філія № 1 для дітей Бібліотека-філія № 1 для дітей 23/04/2026 Подаровані 80885   821(410) 19448 01/06/2026 01/06/2026 Книги

Працює на АБІС Коха